| 000 | 00340nam a2200121Ia 4500 | ||
|---|---|---|---|
| 005 | 20251222141806.0 | ||
| 008 | 251222s9999||||xx |||||||||||||| ||spa|| | ||
| 082 | _a305.567.85/M19 | ||
| 100 | _aMálaga Núñez-Zeballos, Alejandro | ||
| 245 | 0 | _aAfricanos en la Ciudad Blanca: | |
| 264 | _bUniversidad Católica de Santa María | ||
| 942 | _cLIB | ||
| 999 |
_c6316 _d6316 |
||